|
|
|
|
| LEADER |
00000nam0a2200000 4500 |
| 001 |
356384 |
| 005 |
20231102010904.0 |
| 035 |
|
|
|a (RuTPU)RU\TPU\retro\13644
|
| 090 |
|
|
|a 356384
|
| 100 |
|
|
|a 20200720d1939 km y0rusy50 ca
|
| 101 |
1 |
|
|a rus
|c eng
|
| 102 |
|
|
|a RU
|
| 105 |
|
|
|a ac z 001zy
|
| 200 |
1 |
|
|a Педагогические сочинения
|e пер. с англ.
|f Дж. Локк
|g пер. Ю. М. Давидсона ; авт. предисл. А. Ф. Шабаева
|
| 210 |
|
|
|a Москва
|c Государственное учебно-педагогическое издательство Наркомпроса РСФСР
|d 1939
|
| 215 |
|
|
|a 319 с.
|c ил.
|
| 225 |
1 |
|
|a Педагогическая библиотека
|
| 320 |
|
|
|a Библиогр.: с. 318-319
|
| 600 |
|
1 |
|a Локк
|g Джон
|b Дж.
|c английский философ
|c основатель либерализма
|f 1632-1704
|2 stltpush
|3 (RuTPU)RU\TPU\pers\1272
|
| 606 |
1 |
|
|a Педагогика
|x История
|2 stltpush
|3 (RuTPU)RU\TPU\subj\48423
|9 67293
|
| 610 |
1 |
|
|a педагогическая мысль
|
| 610 |
1 |
|
|a педагогические теории
|
| 610 |
1 |
|
|a Англия
|
| 610 |
1 |
|
|a 16 век
|
| 610 |
1 |
|
|a 17 век
|
| 610 |
1 |
|
|a воспитание
|
| 610 |
1 |
|
|a обучение
|
| 610 |
1 |
|
|a рабочие школы
|
| 686 |
|
|
|a Ч33(4Вл)
|v LBC/SL-A
|2 rubbk
|
| 700 |
|
1 |
|a Локк
|b Дж.
|c английский философ
|c основатель либерализма
|f 1632-1704
|g Джон
|2 stltpush
|3 (RuTPU)RU\TPU\pers\1272
|9 567
|
| 702 |
|
1 |
|a Давидсон
|b Ю. М.
|4 730
|
| 702 |
|
1 |
|a Шабаева
|b А. Ф.
|4 080
|
| 801 |
|
1 |
|a RU
|b 63413507
|c 20200720
|
| 801 |
|
2 |
|a RU
|b 63413507
|c 20200724
|g RCR
|
| 942 |
|
|
|c BK
|